Pocket international encyclopedia of business and management / (Record no. 2598)
[ view plain ]
| 000 -LEADER | |
|---|---|
| fixed length control field | 00792cam a2200217 a 4500 |
| 001 - CONTROL NUMBER | |
| control field | 2124057 |
| 005 - DATE AND TIME OF LATEST TRANSACTION | |
| control field | 20250116173337.0 |
| 008 - FIXED-LENGTH DATA ELEMENTS--GENERAL INFORMATION | |
| fixed length control field | 970306s1997 enk e 000 0 eng |
| 020 ## - INTERNATIONAL STANDARD BOOK NUMBER | |
| International Standard Book Number | 1861521138 (pbk.) |
| 050 00 - LIBRARY OF CONGRESS CALL NUMBER | |
| Classification number | HF1001 |
| Item number | .I53 1997 |
| 082 00 - DEWEY DECIMAL CLASSIFICATION NUMBER | |
| Classification number | 650/.03 |
| Edition information | 21 |
| 245 00 - TITLE STATEMENT | |
| Title | Pocket international encyclopedia of business and management / |
| Statement of responsibility, etc. | edited by Malcolm Warner. |
| 250 ## - EDITION STATEMENT | |
| Edition statement | 1st ed. |
| 260 ## - PUBLICATION, DISTRIBUTION, ETC. | |
| Place of publication, distribution, etc. | London ; |
| -- | Boston : |
| Name of publisher, distributor, etc. | International Thomson Business Press, |
| Date of publication, distribution, etc. | 1997. |
| 300 ## - PHYSICAL DESCRIPTION | |
| Extent | xxvi, 291 p. ; |
| Dimensions | 21 cm. |
| 500 ## - GENERAL NOTE | |
| General note | "This book is drawn from the six volume International encyclopedia of business and management ... published in June 1996"--Introd. |
| 650 #0 - SUBJECT ADDED ENTRY--TOPICAL TERM | |
| Topical term or geographic name entry element | Business |
| General subdivision | Encyclopedias. |
| 650 #0 - SUBJECT ADDED ENTRY--TOPICAL TERM | |
| Topical term or geographic name entry element | Management |
| General subdivision | Encyclopedias. |
| 700 1# - ADDED ENTRY--PERSONAL NAME | |
| Personal name | Warner, Malcolm. |
| 942 ## - ADDED ENTRY ELEMENTS (KOHA) | |
| Source of classification or shelving scheme | Library of Congress Classification |
| Koha item type | Books |
| Suppress in OPAC | No |
| 999 ## - | |
| -- | 2598 |
| -- | 2598 |
| Withdrawn status | Lost status | Source of classification or shelving scheme | Damaged status | Not for loan | Collection | Home library | Current library | Shelving location | Date acquired | Total checkouts | Full call number | Date last seen | Copy number | Price effective from | Koha item type |
|---|---|---|---|---|---|---|---|---|---|---|---|---|---|---|---|
| Library of Congress Classification | Non-fiction | Graduate Library (Christ Temple) | Graduate Library (Christ Temple) | Reference | 01/16/2025 | REF HD 30.15.137 | 01/16/2025 | 1 | 01/16/2025 | Books | |||||
| Library of Congress Classification | Non-fiction | Graduate Library (Christ Temple) | Graduate Library (Christ Temple) | Reference | 01/16/2025 | REF HD 30.15.137 | 01/16/2025 | 2 | 01/16/2025 | Books |